[Event "North Devon Open 2nd"]
[Site "Woolacombe"]
[Date "1972.10.21"]
[Round "2"]
[White "Tomlinson, PG"]
[Black "Imlach, RF"]
[Result "1-0"]
[WhiteElo "1605"]
[BlackElo "1605"]
[PlyCount "73"]
[EventDate "1972.10.20"]
[EventType "swiss"]
[EventRounds "5"]
[EventCountry "ENG"]
[SourceTitle "BritBase"]
[Source "John Saunders"]
[SourceDate "2000.01.01"]
[SourceVersion "1"]
[SourceVersionDate "2000.01.01"]
[SourceQuality "1"]

1. c4 g6 2. Nc3 Bg7 3. Nf3 d6 4. g3 e5 5. Bg2 Nf6 6. e3 Bg4 7. O-O Nc6 8. d3 O-O 9. Rb1 Re8 10. Qc2 Qc8 11. b4 a5 12. bxa5 Nxa5 13. e4 Be6 14. Ng5 Nc6 15. Nxe6 fxe6 16. Bh3 Nd4 17. Qd1 b6 18. Nd5 Rxa2 19. Nxf6+ Bxf6 20. Bb2 Qd8 21. Bxd4 exd4 22. Qb3 Ra5 23. c5 Rxc5 24. Bxe6+ Kg7 25. Bc4 Rf8 26. Rfc1 g5 27. h3 h5 28. Be6 Rxc1+ 29. Rxc1 Be5 30. Bf5 c5 31. Ra1 Rf7 32. Qe6 Bf6 33. f4 Qe7 34. fxg5 Bxg5 35. Qg6+ Kh8 36. Ra8+ Rf8 37. Rxf8+ 1-0

[Event "North Devon Open 2nd"]
[Site "Woolacombe"]
[Date "1972.10.21"]
[Round "3"]
[White "Barden, Leonard William"]
[Black "Gilbert, Colin"]
[Result "1-0"]
[WhiteElo "2400"]
[BlackElo "2080"]
[PlyCount "59"]
[EventDate "1972.10.20"]
[EventType "swiss"]
[EventRounds "5"]
[EventCountry "ENG"]
[SourceTitle "BritBase"]
[Source "John Saunders"]
[SourceDate "2000.01.01"]
[SourceVersion "1"]
[SourceVersionDate "2000.01.01"]
[SourceQuality "1"]

1. e4 c5 2. Nf3 e6 3. d4 cxd4 4. Nxd4 a6 5. Bd3 Qc7 6. O-O Nf6 7. Nc3 Nc6 8. Be3 d5 9. exd5 exd5 10. h3 Bd6 11. Re1 O-O 12. Nxc6 bxc6 13. Bd4 Be7 14. Qe2 Be6 15. Qf3 Rfe8 16. Re2 c5 17. Bxf6 Bxf6 18. Nxd5 Bxd5 19. Qxd5 g6 20. Rae1 Red8 21. Qf3 Kg7 22. Bc4 Rab8 23. b3 Rb6 24. Bd5 Rbd6 25. c4 a5 26. g3 Qd7 27. Re7 Qxe7 28. Rxe7 Rxd5 29. Rxf7+ Kxf7 30. cxd5 1-0

[Event "North Devon Open 2nd"]
[Site "Woolacombe"]
[Date "1972.10.21"]
[Round "3"]
[White "Biddick, Edwin Ian Samuel"]
[Black "Hitchcock, R"]
[Result "1-0"]
[WhiteElo "1900"]
[BlackElo "1645"]
[PlyCount "69"]
[EventDate "1972.10.20"]
[EventType "swiss"]
[EventRounds "5"]
[EventCountry "ENG"]
[SourceTitle "BritBase"]
[Source "John Saunders"]
[SourceDate "2000.01.01"]
[SourceVersion "1"]
[SourceVersionDate "2000.01.01"]
[SourceQuality "1"]

1. Nf3 Nf6 2. c4 d5 3. cxd5 Nxd5 4. e4 Nb6 5. d4 e6 6. Nc3 Be7 7. Bf4 a6 8. Rc1 c6 9. Bd3 N8d7 10. O-O Nf6 11. Qc2 h6 12. Rfd1 Nh5 13. Be3 Bg5 14. Qe2 Nf4 15. Bxf4 Bxf4 16. Rc2 g5 17. g3 Bb8 18. Qe3 Rg8 19. e5 Nd5 20. Qe4 f5 21. exf6 Nxf6 22. Qe3 Bf4 23. Qe2 g4 24. Ne5 Bxe5 25. dxe5 Nd5 26. Ne4 Ke7 27. Nd6 Qf8 28. Rc4 Qf3 29. Qd2 h5 30. Be4 Qf8 31. Bxd5 exd5 32. Rf4 Qd8 33. Rf7+ Ke6 34. Qh6+ Kxe5 35. Qf4+ 1-0

[Event "North Devon Open 2nd"]
[Site "Woolacombe"]
[Date "1972.10.21"]
[Round "3"]
[White "Cooper, AJ"]
[Black "Foster, JL"]
[Result "0-1"]
[WhiteElo "1605"]
[BlackElo "2040"]
[Annotator "Foster"]
[PlyCount "80"]
[EventDate "1972.10.20"]
[EventType "swiss"]
[EventRounds "5"]
[EventCountry "ENG"]
[SourceTitle "BritBase"]
[Source "John Saunders"]
[SourceDate "2000.01.01"]
[SourceVersion "1"]
[SourceVersionDate "2000.01.01"]
[SourceQuality "1"]

1. e4 c5 2. d4 cxd4 3. c3 dxc3 4. Bc4 Nc6 5. Nxc3 d6 6. Nf3 e5 7. O-O (7. Ng5 Nh6 8. O-O Be7 9. Qh5 O-O 10. h3 (10. f4 exf4 11. Bxf4 Ne5 12. Bxe5 (12. Bb3 Ng6) 12... Bxg5) (10. Bxf7+ Rxf7) 10... Nd4 11. f4 b5 12. Bd5 b4) 7... Be7 8. b4 Nf6 9. h3 O-O 10. b5 Na5 11. Bd3 Qc7 12. Nd5 Nxd5 13. exd5 b6 14. Be3 Nb7 15. Rc1 Nc5 16. Qc2 f5 17. Be2 Qd8 18. Rfd1 Bd7 19. a4 Rc8 20. Qa2 Bf6 21. Ne1 Qe8 22. Nc2 Kh8 23. Nb4 Qf7 24. Bd3 g5 25. Be2 Rg8 26. Kh1 Ra8 27. Rg1 f4 28. Bd2 g4 29. Qa3 Ne4 30. Be1 gxh3 31. gxh3 Rxg1+ 32. Kxg1 Rg8+ 33. Kf1 Qg6 34. Bf3 Bxh3+ 35. Ke2 Nc5 36. Kd1 Bf5 37. Be2 Qg1 38. Nd3 f3 39. Bxf3 Nxd3 40. Qc3 Rc8 0-1

[Event "North Devon Open 2nd"]
[Site "Woolacombe"]
[Date "1972.10.21"]
[Round "3"]
[White "Harding, Timothy David"]
[Black "Binks, Michael E"]
[Result "0-1"]
[WhiteElo "2100"]
[BlackElo "2135"]
[PlyCount "116"]
[EventDate "1972.10.20"]
[EventType "swiss"]
[EventRounds "5"]
[EventCountry "ENG"]
[SourceTitle "BritBase"]
[Source "John Saunders"]
[SourceDate "2000.01.01"]
[SourceVersion "1"]
[SourceVersionDate "2000.01.01"]
[SourceQuality "1"]

1. e4 e5 2. Bc4 Nc6 3. f4 d6 4. Nf3 Be7 5. O-O Nf6 6. Nc3 Bg4 7. h3 Bxf3 8. Qxf3 Qd7 9. d3 Nd4 10. Qf2 b5 11. Bb3 O-O 12. Nd5 Bd8 13. Be3 Nxb3 14. axb3 a5 15. Nxf6+ Bxf6 16. f5 Qe7 17. Qd2 b4 18. g4 h6 19. Kg2 d5 20. Qf2 d4 21. Bd2 Bh4 22. Qf3 f6 23. Rfb1 Qc5 24. Qd1 Rfd8 25. Ra4 Ra7 26. Rba1 Rda8 27. Kf1 Kf7 28. Be1 Bxe1 29. Kxe1 Ke7 30. Kd2 Kd7 31. Rc1 Ra6 32. h4 Rc6 33. Qg1 Kc8 34. Ke2 Kb7 35. Kf3 Qe7 36. Qg2 Qf7 37. Rca1 Rc5 38. Qd2 Qe8 39. Rh1 Ra6 40. Raa1 Rac6 41. Rac1 Qf7 42. Rh2 Kc8 43. Kg3 Rd6 44. g5 hxg5 45. hxg5 g6 46. Rh6 gxf5 47. exf5 fxg5 48. Rxd6 cxd6 49. Qxg5 Kb7 50. f6 Rc8 51. Qf5 Rg8+ 52. Kf3 Rg6 53. Qe4+ d5 54. Qh4 Rxf6+ 55. Ke2 Rf4 56. Qg3 Qh5+ 57. Kd2 Rg4 58. Qf2 Qg5+ 0-1

[Event "North Devon Open 2nd"]
[Site "Woolacombe"]
[Date "1972.10.21"]
[Round "3"]
[White "Hodgson, John H"]
[Black "Young, Melvyn Jack"]
[Result "1/2-1/2"]
[WhiteElo "1900"]
[BlackElo "1740"]
[PlyCount "55"]
[EventDate "1972.10.20"]
[EventType "swiss"]
[EventRounds "5"]
[EventCountry "ENG"]
[SourceTitle "BritBase"]
[Source "John Saunders"]
[SourceDate "2000.01.01"]
[SourceVersion "1"]
[SourceVersionDate "2000.01.01"]
[SourceQuality "1"]

1. e4 Nf6 2. d3 d6 3. Nf3 g6 4. g3 Bg7 5. Bg2 O-O 6. O-O c5 7. Nbd2 Nc6 8. a4 Bg4 9. h3 Bd7 10. Nc4 Qc8 11. Kh2 Ne8 12. Ne3 Rb8 13. c3 b5 14. axb5 Rxb5 15. Nd2 a5 16. f4 Qc7 17. Ndc4 Kh8 18. f5 gxf5 19. Nxf5 Bxf5 20. Rxf5 e6 21. Rf2 Rb7 22. Bg5 Ra7 23. Qh5 Ne5 24. Nxe5 Bxe5 25. Bf4 Bg7 26. Bh6 f6 27. Raf1 a4 28. Bxg7+ 1/2-1/2

[Event "North Devon Open 2nd"]
[Site "Woolacombe"]
[Date "1972.10.21"]
[Round "3"]
[White "James, Rodney Ewan"]
[Black "Krimer, G"]
[Result "0-1"]
[WhiteElo "1775"]
[BlackElo "1640"]
[PlyCount "40"]
[EventDate "1972.10.20"]
[EventType "swiss"]
[EventRounds "5"]
[EventCountry "ENG"]
[SourceTitle "BritBase"]
[Source "John Saunders"]
[SourceDate "2000.01.01"]
[SourceVersion "1"]
[SourceVersionDate "2000.01.01"]
[SourceQuality "1"]

1. b4 e5 2. Bb2 Bxb4 3. Bxe5 Nf6 4. e3 d6 5. Bb2 O-O 6. Nf3 Nc6 7. Be2 Qe7 8. O-O d5 9. a3 Bd6 10. c4 dxc4 11. Bxc4 Bg4 12. d4 Rad8 13. Nbd2 Kh8 14. Qc2 Bh5 15. e4 Bg6 16. Bd3 Bf4 17. e5 Bxd3 18. Qxd3 Nxe5 19. Nxe5 Bxe5 20. Qe2 Bxh2+ 0-1

[Event "North Devon Open 2nd"]
[Site "Woolacombe"]
[Date "1972.10.21"]
[Round "3"]
[White "Lee, Robert Andrew"]
[Black "Heasman, Richard"]
[Result "0-1"]
[WhiteElo "2100"]
[BlackElo "1980"]
[PlyCount "86"]
[EventDate "1972.10.20"]
[EventType "swiss"]
[EventRounds "5"]
[EventCountry "ENG"]
[SourceTitle "BritBase"]
[Source "John Saunders"]
[SourceDate "2000.01.01"]
[SourceVersion "1"]
[SourceVersionDate "2000.01.01"]
[SourceQuality "1"]

1. d4 Nf6 2. c4 g6 3. Nc3 Bg7 4. e4 d6 5. f3 O-O 6. Be3 Nbd7 7. Qd2 c5 8. d5 Ne5 9. g4 Ne8 10. h4 f5 11. exf5 gxf5 12. g5 e6 13. O-O-O a6 14. f4 Ng4 15. dxe6 Bxe6 16. Bxc5 Rc8 17. Bd4 b5 18. Bxg7 Nxg7 19. Nf3 Bxc4 20. Bxc4+ Rxc4 21. Kb1 Qb6 22. Nd4 Re8 23. Rh3 Qb7 24. Rd3 b4 25. Na4 Qe4 26. Ka1 Ne3 27. Nb6 Rxd4 28. Nd7 Qxd3 29. Nf6+ Kf7 30. Qxd3 Rxd3 31. Rxd3 Rc8 32. b3 Ng4 33. Rxd6 Nxf6 34. Rxf6+ Ke7 35. Rxa6 Rc1+ 36. Kb2 Re1 37. a4 bxa3+ 38. Rxa3 Re4 39. Ra7+ Kf8 40. h5 Nxh5 41. Rxh7 Nxf4 42. Ka3 Re3 43. Rh6 Kg7 0-1

[Event "North Devon Open 2nd"]
[Site "Woolacombe"]
[Date "1972.10.21"]
[Round "3"]
[White "McCarthy, Moss"]
[Black "Weeramantry, Sunil"]
[Result "1/2-1/2"]
[WhiteElo "2095"]
[BlackElo "2200"]
[Annotator "McCarthy"]
[PlyCount "85"]
[EventDate "1972.10.20"]
[EventType "swiss"]
[EventRounds "5"]
[EventCountry "ENG"]
[SourceTitle "BritBase"]
[Source "John Saunders"]
[SourceDate "2000.01.01"]
[SourceVersion "1"]
[SourceVersionDate "2000.01.01"]
[SourceQuality "1"]

1. e4 d6 2. d4 Nf6 3. Nc3 g6 4. Bg5 Bg7 5. f4 O-O 6. Nf3 (6. e5 Ng4 7. Qd2 dxe5 8. fxe5 c5) 6... c5 7. Qd3 cxd4 8. Nxd4 Nc6 9. Be2 Qb6 10. O-O-O Nxd4 11. Qxd4 Qa5 12. e5 dxe5 13. fxe5 Be6 14. Bxf6 exf6 15. exf6 Qg5+ 16. Kb1 Bxf6 17. Ne4 Bxa2+ 18. Ka1 Bxd4 19. Nxg5 Be3 20. Kxa2 Bxg5 21. Rd7 Rac8 22. Kb3 Rfe8 23. Bf3 (23. Bc4) 23... Re7 24. Rhd1 Rc7 25. Rxe7 Bxe7 26. Rd4 Kg7 27. Rc4 Rd7 28. Rc8 g5 29. Bg4 Rd4 30. Rc4 Rd5 31. Rc7 Rb5+ 32. Ka2 Bf6 33. c3 Be5 34. Rd7 Kg6 35. h3 h5 36. Be2 Ra5+ 37. Kb3 f5 38. Rxb7 g4 39. hxg4 hxg4 40. Rb5 Rxb5+ 41. Bxb5 f4 42. Bc6 Kf5 43. Kc4 1/2-1/2

[Event "North Devon Open 2nd"]
[Site "Woolacombe"]
[Date "1972.10.21"]
[Round "3"]
[White "Roberts, FR"]
[Black "Scott, Peter R"]
[Result "1-0"]
[WhiteElo "1605"]
[BlackElo "1765"]
[PlyCount "73"]
[EventDate "1972.10.20"]
[EventType "swiss"]
[EventRounds "5"]
[EventCountry "ENG"]
[SourceTitle "BritBase"]
[Source "John Saunders"]
[SourceDate "2000.01.01"]
[SourceVersion "1"]
[SourceVersionDate "2000.01.01"]
[SourceQuality "1"]

1. e4 e5 2. Bc4 Nf6 3. d3 Nc6 4. c3 Na5 5. Bb5 c6 6. Ba4 b5 7. Bc2 Be7 8. b4 Nb7 9. f4 d5 10. exd5 Qxd5 11. Nf3 Bg4 12. O-O exf4 13. Bxf4 Bxb4 14. Bb3 Qd8 15. cxb4 Bxf3 16. Qxf3 Qd4+ 17. Be3 Qxa1 18. Qxc6+ Kd8 19. Qxb7 Rc8 20. Bxa7 Nd7 21. Qd5 Re8 22. Bb6+ Rc7 23. Qa8+ Ke7 24. Re1+ Ne5 25. Qd5 Kf6 26. Rf1+ Kg6 27. Bxc7 Ng4 28. Qxf7+ Kh6 29. Qxe8 Qd4+ 30. Kh1 Nf2+ 31. Rxf2 Qxf2 32. h3 Qf1+ 33. Kh2 Qxb1 34. Bf4+ g5 35. Qf8+ Kh5 36. Bf7+ Kh4 37. g3# 1-0

[Event "North Devon Open 2nd"]
[Site "Woolacombe"]
[Date "1972.10.21"]
[Round "3"]
[White "Schofield, Kenneth Stanley"]
[Black "Bellin, Robert"]
[Result "0-1"]
[WhiteElo "1965"]
[BlackElo "2325"]
[PlyCount "56"]
[EventDate "1972.10.20"]
[EventType "swiss"]
[EventRounds "5"]
[EventCountry "ENG"]
[SourceTitle "BritBase"]
[Source "John Saunders"]
[SourceDate "2000.01.01"]
[SourceVersion "1"]
[SourceVersionDate "2000.01.01"]
[SourceQuality "1"]

1. c4 c5 2. g3 g6 3. Bg2 Bg7 4. Nc3 Nc6 5. d3 d6 6. Rb1 e6 7. Bd2 Nge7 8. a3 a5 9. Qc1 Nf5 10. h4 h5 11. Nb5 O-O 12. Nf3 a4 13. Bc3 e5 14. e3 Nfe7 15. d4 exd4 16. exd4 Nf5 17. d5 Re8+ 18. Kf1 Ne5 19. Nxe5 Bxe5 20. Bxe5 Rxe5 21. Bh3 Bd7 22. Nc3 Nd4 23. Bxd7 Qxd7 24. Kg2 Rae8 25. Qd2 Qf5 26. Qf4 Qd3 27. Nxa4 Rf5 28. Rhd1 Qb3 0-1

[Event "North Devon Open 2nd"]
[Site "Woolacombe"]
[Date "1972.10.21"]
[Round "3"]
[White "Spurgeon, Ronald E"]
[Black "Holloway, Nigel John"]
[Result "1/2-1/2"]
[WhiteElo "2120"]
[BlackElo "2260"]
[PlyCount "74"]
[EventDate "1972.10.20"]
[EventType "swiss"]
[EventRounds "5"]
[EventCountry "ENG"]
[SourceTitle "BritBase"]
[Source "John Saunders"]
[SourceDate "2000.01.01"]
[SourceVersion "1"]
[SourceVersionDate "2000.01.01"]
[SourceQuality "1"]

1. e4 c5 2. Nf3 d6 3. d4 cxd4 4. Nxd4 Nf6 5. Nc3 a6 6. Bg5 e6 7. f4 Be7 8. Qf3 Qc7 9. O-O-O O-O 10. Bd3 Nc6 11. Nxc6 bxc6 12. Rde1 e5 13. f5 Rb8 14. Kb1 Qb6 15. Nd1 Nxe4 16. Bxe4 Bxg5 17. Bxc6 Bf6 18. Be4 Bb7 19. Re3 Bxe4 20. Qxe4 Rfd8 21. Rb3 Qc5 22. Rxb8 Rxb8 23. Ne3 Qb5 24. b3 Qe2 25. Qd3 Qxd3 26. cxd3 g6 27. Rf1 Bg5 28. Nc4 Rd8 29. g3 Kg7 30. h4 Bf6 31. Ne3 g5 32. h5 d5 33. Ng4 h6 34. Re1 Re8 35. Ne3 Rd8 36. Ng4 Re8 37. Ne3 Rd8 1/2-1/2

[Event "North Devon Open 2nd"]
[Site "Woolacombe"]
[Date "1972.10.22"]
[Round "4"]
[White "Argyris, Nicholas JC"]
[Black "Parr, David"]
[Result "1-0"]
[WhiteElo "2140"]
[BlackElo "2205"]
[Annotator "Argyris"]
[PlyCount "47"]
[EventDate "1972.10.20"]
[EventType "swiss"]
[EventRounds "5"]
[EventCountry "ENG"]
[SourceTitle "BritBase"]
[Source "John Saunders"]
[SourceDate "2000.01.01"]
[SourceVersion "1"]
[SourceVersionDate "2000.01.01"]
[SourceQuality "1"]

1. e4 c5 2. Nf3 d6 3. d4 cxd4 4. Nxd4 Nf6 5. Nc3 a6 6. f4 Qb6 7. Be2 (7. Bc4 Bg4 8. Qd3) 7... e5 8. Nb3 (8. Nf3 Ng4) 8... Nc6 9. f5 h6 10. a3 Nd4 11. Bc4 Be7 (11... Qc7 12. Nd2 b5 13. Ba2 Bb7) 12. Nxd4 exd4 13. Nd5 Nxd5 (13... Qc5) 14. Bxd5 O-O 15. Qg4 Bf6 16. Rb1 Qc5 (16... d3) 17. Bxh6 Re8 18. Kd1 Re5 19. Rf1 Bd7 20. h4 Rc8 21. Rc1 Bb5 (21... Rc7 22. Rf2 (22. Bxf7+ Kxf7 23. Qg6+ Kg8 24. Bxg7 Be8 25. Qxf6 Rxg7)) 22. Bxg7 Bxg7 23. f6 Kf8 24. fxg7+ 1-0

[Event "North Devon Open 2nd"]
[Site "Woolacombe"]
[Date "1972.10.22"]
[Round "4"]
[White "Bellin, Robert"]
[Black "Innes-Reid, John V"]
[Result "1-0"]
[WhiteElo "2325"]
[BlackElo "2000"]
[PlyCount "95"]
[EventDate "1972.10.20"]
[EventType "swiss"]
[EventRounds "5"]
[EventCountry "ENG"]
[SourceTitle "BritBase"]
[Source "John Saunders"]
[SourceDate "2000.01.01"]
[SourceVersion "1"]
[SourceVersionDate "2000.01.01"]
[SourceQuality "1"]

1. e4 e5 2. Nf3 Nc6 3. Bb5 a6 4. Bxc6 dxc6 5. O-O Bg4 6. h3 Bxf3 7. Qxf3 Qf6 8. Qg3 Bc5 9. d3 h6 10. Be3 Bxe3 11. Qxe3 g5 12. Nc3 Ne7 13. Rad1 b6 14. d4 O-O-O 15. dxe5 Qxe5 16. Qe2 Kb7 17. Rxd8 Rxd8 18. Rd1 Rxd1+ 19. Qxd1 f5 20. exf5 Nxf5 21. Qe2 Qd4 22. Qe4 Qxe4 23. Nxe4 c5 24. c3 Kc6 25. Kf1 Kd5 26. Nd2 b5 27. Ke2 Nh4 28. g3 Ng6 29. Ke3 h5 30. Ne4 g4 31. hxg4 hxg4 32. Nf6+ Kc4 33. Nxg4 b4 34. Ke4 bxc3 35. Ne3+ Kb5 36. bxc3 c6 37. f4 Ka4 38. f5 Nf8 39. g4 Ka3 40. g5 Kxa2 41. g6 a5 42. g7 Nh7 43. Ng4 Ng5+ 44. Kd3 c4+ 45. Kxc4 a4 46. g8=Q a3 47. Kd3+ Kb2 48. Qb8+ 1-0

[Event "North Devon Open 2nd"]
[Site "Woolacombe"]
[Date "1972.10.22"]
[Round "4"]
[White "Binks, Michael E"]
[Black "Basman, Michael John"]
[Result "1-0"]
[WhiteElo "2135"]
[BlackElo "2325"]
[Annotator "Golombek, H"]
[PlyCount "67"]
[EventDate "1972.10.20"]
[EventType "swiss"]
[EventRounds "5"]
[EventCountry "ENG"]
[SourceTitle "BritBase"]
[Source "John Saunders"]
[SourceDate "2000.01.01"]
[SourceVersion "1"]
[SourceVersionDate "2000.01.01"]
[SourceQuality "1"]

1. d4 Nf6 2. c4 g6 3. Nc3 Bg7 4. e4 d6 5. Bd3 c6 6. Nge2 O-O 7. O-O Ne8 ({A time-wasting manoeuvre for which he had to pay later.} 7... e5 {was correct.}) 8. f4 Qb6 9. Be3 f5 ({Part of the idea behind his 7th move; but it is a bad idea. He should have continued his development by} 9... Bg4) 10. e5 Qxb2 11. Qa4 Qb6 12. Rf3 {Threatening d5; hence Black's next move, which also costs time.} Qd8 13. Raf1 Nd7 14. Qc2 Nc7 15. h4 h5 ({Another weak move; better was} 15... c5) 16. Rg3 Kh7 17. Rff3 Qe8 18. Ne4 d5 ({Not relishing the fierce attack to which he would be subjected after} 18... fxe4 19. Bxe4) 19. cxd5 Nxd5 20. Ng5+ Kg8 21. Ne6 Nxe5 22. fxe5 Bxe6 23. Bd2 Kh8 24. Bc4 Rg8 25. Bxd5 Bxd5 26. Nf4 Bf8 ({Or} 26... Bxf3 27. Nxg6+ Kh7 (27... Qxg6 28. Rxg6 Bg4 29. Qb3) 28. Qxf5 Bg4 29. Nf8+ Kh8 30. Qh7#) 27. Rc3 Rd8 28. Qd1 e6 29. Nxg6+ Rxg6 30. Qxh5+ Rh6 ({If} 30... Kg7 31. Qh6+) 31. Qg5 Rg6 32. Qxg6 Qxg6 33. Rxg6 {game end - Source: Basman scoresheet (https://michael-basman-legacy.github.io/scoresheets/1972/Hexagon%20North%20Devon%20Congress%2020-10-72.pdf) - presumably Black stopped scoring as he saw the inevitable finish} Bb4 34. Rh6+ {Source: The Times, 28 October 1972} (34. Rh6+ {Since if} Kg7 35. Rg3+) 1-0

[Event "North Devon Open 2nd"]
[Site "Woolacombe"]
[Date "1972.10.22"]
[Round "4"]
[White "Blackstock, Leslie Steven F"]
[Black "Fox, Terry C"]
[Result "1-0"]
[WhiteElo "2200"]
[BlackElo "2220"]
[PlyCount "95"]
[EventDate "1972.10.20"]
[EventType "swiss"]
[EventRounds "5"]
[EventCountry "ENG"]
[SourceTitle "BritBase"]
[Source "John Saunders"]
[SourceDate "2000.01.01"]
[SourceVersion "1"]
[SourceVersionDate "2000.01.01"]
[SourceQuality "1"]

1. e4 c5 2. Nf3 e6 3. d4 cxd4 4. Nxd4 a6 5. Bd3 Nc6 6. Be3 Nf6 7. O-O Qc7 8. Nc3 Ne5 9. h3 Bc5 10. Qe2 d6 11. Nb3 Bxe3 12. Qxe3 O-O 13. f4 Ned7 14. Rae1 Nc5 15. Nxc5 Qxc5 16. Qxc5 dxc5 17. e5 Nd7 18. Ne4 b6 19. Nd6 Nb8 20. Re3 Nc6 21. Be4 Bd7 22. c3 Ra7 23. Rd1 g6 24. g3 h5 25. Kf2 f6 26. exf6 Rxf6 27. Kg2 h4 28. gxh4 Rxf4 29. Bxc6 Bxc6+ 30. Kg3 Rf6 31. Rde1 Rd7 32. Nc4 Bb7 33. Rxe6 Rd3+ 34. R1e3 Rxe3+ 35. Rxe3 Bd5 36. b3 Bxc4 37. bxc4 Rd6 38. Kg4 Kf7 39. Re2 Rd1 40. Rb2 Rd6 41. h5 gxh5+ 42. Kxh5 Rd3 43. h4 Rxc3 44. Rxb6 Rxc4 45. Rxa6 Rb4 46. Kg5 Rb1 47. Ra7+ Kg8 48. h5 1-0

[Event "North Devon Open 2nd"]
[Site "Woolacombe"]
[Date "1972.10.22"]
[Round "4"]
[White "Boniface, Stephen Robert"]
[Black "Sanders, DA"]
[Result "1-0"]
[WhiteElo "1885"]
[BlackElo "1900"]
[PlyCount "47"]
[EventDate "1972.10.20"]
[EventType "swiss"]
[EventRounds "5"]
[EventCountry "ENG"]
[SourceTitle "BritBase"]
[Source "John Saunders"]
[SourceDate "2000.01.01"]
[SourceVersion "1"]
[SourceVersionDate "2000.01.01"]
[SourceQuality "1"]

1. e4 c5 2. Nf3 d6 3. c3 Nf6 4. Bc4 Bg4 5. e5 Bxf3 6. Qxf3 dxe5 7. Qxb7 Nbd7 8. Na3 Nb6 9. Nb5 Rc8 10. Nxa7 Qc7 11. Bb5+ Nfd7 12. Bxd7+ Kxd7 13. Qxc7+ Rxc7 14. Nb5 Rb7 15. a4 Nxa4 16. Rxa4 Rxb5 17. O-O g6 18. f4 exf4 19. Rfxf4 f6 20. d4 Bg7 21. Ra7+ Kc6 22. d5+ Kb6 23. Rfa4 Rb3 24. c4 1-0

[Event "North Devon Open 2nd"]
[Site "Woolacombe"]
[Date "1972.10.22"]
[Round "4"]
[White "Cooper, Neill S"]
[Black "Abadi, R"]
[Result "1-0"]
[WhiteElo "1830"]
[BlackElo "1695"]
[PlyCount "111"]
[EventDate "1972.10.20"]
[EventType "swiss"]
[EventRounds "5"]
[EventCountry "ENG"]
[SourceTitle "BritBase"]
[Source "John Saunders"]
[SourceDate "2000.01.01"]
[SourceVersion "1"]
[SourceVersionDate "2000.01.01"]
[SourceQuality "1"]

1. e4 Nf6 2. Bc4 Nxe4 3. Bxf7+ Kxf7 4. Qh5+ g6 5. Qd5+ e6 6. Qxe4 Bg7 7. Nf3 d5 8. Qf4+ Ke8 9. O-O Rf8 10. Qe3 Kf7 11. Ng5+ Kg8 12. Nxe6 Bxe6 13. Qxe6+ Kh8 14. d3 Nc6 15. c3 Ne5 16. Qh3 d4 17. c4 Rf5 18. f4 Nc6 19. g4 Rf7 20. Nd2 Qf8 21. Ne4 h6 22. a3 Na5 23. g5 h5 24. Ng3 Qg8 25. f5 Be5 26. Bf4 Nc6 27. fxg6 Qxg6 28. Nxh5 Rh7 29. Bxe5+ Nxe5 30. Qg3 Nxd3 31. Nf6 Re7 32. Qh4+ Kg7 33. Qxd4 Re5 34. h4 Rf8 35. Rad1 c5 36. Qxd3 Rxg5+ 37. hxg5 Qxg5+ 38. Kh2 Rh8+ 39. Qh3 Qe5+ 40. Kg2 Qxb2+ 41. Rf2 Qxf2+ 42. Kxf2 Rxh3 43. Ne8+ Kf8 44. Nd6 Rxa3 45. Nxb7 Rc3 46. Nd6 Ke7 47. Nf5+ Kf6 48. Ne3 Ra3 49. Rd5 Ra5 50. Kf3 Ke6 51. Ke4 a6 52. Ng4 Ra4 53. Rxc5 Kd6 54. Rd5+ Kc6 55. Ne5+ Kc7 56. Rc5+ 1-0

[Event "North Devon Open 2nd"]
[Site "Woolacombe"]
[Date "1972.10.22"]
[Round "4"]
[White "Holloway, Nigel John"]
[Black "Lemon, Richard C"]
[Result "1-0"]
[WhiteElo "2260"]
[BlackElo "2230"]
[PlyCount "69"]
[EventDate "1972.10.20"]
[EventType "swiss"]
[EventRounds "5"]
[EventCountry "ENG"]
[SourceTitle "BritBase"]
[Source "John Saunders"]
[SourceDate "2000.01.01"]
[SourceVersion "1"]
[SourceVersionDate "2000.01.01"]
[SourceQuality "1"]

1. c4 g6 2. Nf3 Bg7 3. g3 Nf6 4. Bg2 O-O 5. O-O d6 6. d4 c5 7. Nc3 Nc6 8. d5 Na5 9. Nd2 a6 10. Qc2 Rb8 11. b3 b5 12. Bb2 Bd7 13. Rae1 Ne8 14. e4 e5 15. Nd1 f5 16. f4 Qc7 17. fxe5 dxe5 18. exf5 gxf5 19. cxb5 axb5 20. Bh3 e4 21. Bxg7 Kxg7 22. Ne3 Nd6 23. Rc1 Nab7 24. Rf4 Rf6 25. Qc3 Kg6 26. Ng4 Rbf8 27. Nxf6 Rxf6 28. Rcf1 Qd8 29. g4 Qe7 30. Qe3 Qe5 31. Nf3 Qb2 32. Nh4+ Kg7 33. g5 Rf7 34. Nxf5+ Nxf5 35. Bxf5 1-0

[Event "North Devon Open 2nd"]
[Site "Woolacombe"]
[Date "1972.10.22"]
[Round "4"]
[White "Potts, Alan W"]
[Black "Ballantyne, PR"]
[Result "0-1"]
[WhiteElo "2000"]
[BlackElo "1605"]
[PlyCount "118"]
[EventDate "1972.10.20"]
[EventType "swiss"]
[EventRounds "5"]
[EventCountry "ENG"]
[SourceTitle "BritBase"]
[Source "John Saunders"]
[SourceDate "2000.01.01"]
[SourceVersion "1"]
[SourceVersionDate "2000.01.01"]
[SourceQuality "1"]

1. b3 Nf6 2. Bb2 b6 3. f4 Bb7 4. e3 e6 5. Nf3 Be7 6. c4 O-O 7. Nc3 Na6 8. Be2 Rc8 9. O-O Nc5 10. b4 Nce4 11. d3 Nxc3 12. Bxc3 Ng4 13. Qc1 c5 14. b5 d5 15. h3 Nh6 16. cxd5 exd5 17. Qc2 Nf5 18. Bd2 Bf6 19. Rae1 Re8 20. Bd1 Ng3 21. Rf2 c4 22. d4 Re7 23. Bc3 Qe8 24. Qa4 Ra8 25. Ne5 Bh4 26. Rc2 f6 27. Nf3 Rxe3 28. Rxe3 Qxe3+ 29. Kh2 Nf1+ 30. Kh1 Qxf4 31. Qb4 Re8 32. Kg1 Ne3 (32... Qe3+ 33. Kh1 (33. Kxf1 Qd3+ 34. Be2 Qxc2) 33... Ng3+ 34. Kh2 Ne4) 33. Re2 Qe4 34. Bd2 Bf2+ 35. Kh1 Bc8 36. Bxe3 Bxe3 37. Re1 Qg6 38. Qd6 Qf7 39. Bc2 Qd7 40. Qg3 Bh6 41. a4 Rxe1+ 42. Qxe1 Qe6 43. Qg3 g6 44. Nh4 Qe3 45. Qf3 Qxf3 46. Nxf3 Be3 47. g4 f5 48. g5 f4 49. Kg2 c3 50. h4 Kf7 51. Ne5+ Ke6 52. Nc6 a5 53. Kf3 Kd6 54. h5 Bf5 55. hxg6 hxg6 56. Bxf5 gxf5 57. g6 c2 58. g7 c1=Q 59. g8=Q Qf1# 0-1